| 000 | 00846nam a22002297a 4500 | ||
|---|---|---|---|
| 003 | UA-OsUOA | ||
| 001 | 51224 | ||
| 007 | ta | ||
| 008 | 20140828b un ||||| |||| 00| 0 ukr d | ||
| 090 |
_a01 _bФ77 |
||
| 942 | _cBK | ||
| 040 |
_aUA-OsUOA _bukr _cUA-OsUOA _dUA-OsUOA |
||
| 245 |
_aФонди з історії Української повстанської армії в державних архівосховищах України _bВипуск 1 _cАнотований покажчик фондів УПА (1942-1946) |
||
| 300 | _a60 с. | ||
| 955 | _a1 | ||
| 041 | _aukr | ||
| 080 | _a01 | ||
| 260 |
_aК. _c1999 |
||
| 650 | 7 |
_a01 Бібліографія і бібліографії. Каталоги _2UDC |
|
| 999 |
_c431354 _d431354 |
||